000 00818nas a2200277 4500
001 BR2013002486
003 BR-BrBNA
005 20231205122152.0
007 ta
008 230509b bl.|||p| |||| 00| 00por d
040 _aBR-BrBNA
_bpor
_cBiblioteca Nacional de Agricultura
041 _a(Pt)
072 _aF40; F62
100 1 _aHackbart, V.C.S.
100 1 _aCordazzo, C.V.
245 1 _aEcologia das sementes e estabelecimento das plântulas de Hydrocotyle Bonariensis Lam.
650 _aECOLOGIA VEGETAL
650 _aGERMINAÇÃO
650 _aPLÂNTULA
650 _aPLANTA
650 _aSEMENTE
650 _aPOPULAÇÃO DE PLANTA
773 0 _tAtlântica (Brazil)
_xISSN 0102-1656
_g(2003), v. 25(1) p. 61-65
_wBR2013002486
909 _a202311
_bLúcia
_c55
_dLúcia Elande
942 _2AGRIS
_n0
_cANA
999 _c227266
_d227266